<?xml version="1.0" encoding="UTF-8"?>
<record
    xmlns:xsi="http://www.w3.org/2001/XMLSchema-instance"
    xsi:schemaLocation="http://www.loc.gov/MARC21/slim http://www.loc.gov/standards/marcxml/schema/MARC21slim.xsd"
    xmlns="http://www.loc.gov/MARC21/slim">

  <leader>01218nam a22002297a 4500</leader>
  <controlfield tag="003">NALT</controlfield>
  <controlfield tag="005">20260130091518.0</controlfield>
  <controlfield tag="008">170327b        th ||||| |||| 00| 0 tha d</controlfield>
  <datafield tag="020" ind1=" " ind2=" ">
    <subfield code="a">9786169173212</subfield>
  </datafield>
  <datafield tag="040" ind1=" " ind2=" ">
    <subfield code="a">NALT</subfield>
  </datafield>
  <datafield tag="050" ind1=" " ind2=" ">
    <subfield code="a">HD 38.5</subfield>
    <subfield code="b">&#xE2A;665&#xE01; 2559</subfield>
  </datafield>
  <datafield tag="100" ind1="0" ind2=" ">
    <subfield code="a">&#xE2A;&#xE32;&#xE22;&#xE31;&#xE13;&#xE2B;&#xE4C; &#xE08;&#xE31;&#xE19;&#xE17;&#xE23;&#xE4C;&#xE27;&#xE34;&#xE20;&#xE32;&#xE2A;&#xE27;&#xE07;&#xE28;&#xE4C;</subfield>
    <subfield code="9">4596</subfield>
  </datafield>
  <datafield tag="245" ind1="1" ind2="0">
    <subfield code="a">&#xE01;&#xE25;&#xE22;&#xE38;&#xE17;&#xE18;&#xE4C; Logistics &#xE23;&#xE38;&#xE01;-&#xE23;&#xE31;&#xE1A; AEC &#xE41;&#xE25;&#xE30;&#xE01;&#xE32;&#xE23;&#xE04;&#xE49;&#xE32;&#xE0A;&#xE32;&#xE22;&#xE41;&#xE14;&#xE19; /</subfield>
    <subfield code="c">&#xE2A;&#xE32;&#xE22;&#xE31;&#xE13;&#xE2B;&#xE4C; &#xE08;&#xE31;&#xE19;&#xE17;&#xE23;&#xE4C;&#xE27;&#xE34;&#xE20;&#xE32;&#xE2A;&#xE27;&#xE07;&#xE28;&#xE4C;.</subfield>
  </datafield>
  <datafield tag="260" ind1=" " ind2=" ">
    <subfield code="a">&#xE01;&#xE23;&#xE38;&#xE07;&#xE40;&#xE17;&#xE1E;&#xE2F; :</subfield>
    <subfield code="b">&#xE40;&#xE2D;&#xE47;&#xE01;&#xE0B;&#xE4C;&#xE40;&#xE0B;&#xE25;&#xE40;&#xE25;&#xE49;&#xE19;&#xE17;&#xE4C; &#xE1A;&#xE34;&#xE2A;&#xE40;&#xE19;&#xE2A; &#xE04;&#xE2D;&#xE23;&#xE4C;&#xE1B;&#xE2D;&#xE23;&#xE4C;&#xE40;&#xE23;&#xE0A;&#xE31;&#xE48;&#xE19; &#xE2D;&#xE34;&#xE19;&#xE40;&#xE15;&#xE2D;&#xE23;&#xE4C;&#xE41;&#xE19;&#xE0A;&#xE0A;&#xE31;&#xE48;&#xE19;&#xE41;&#xE19;&#xE25;,</subfield>
    <subfield code="c">2559.</subfield>
  </datafield>
  <datafield tag="300" ind1=" " ind2=" ">
    <subfield code="a">213 &#xE2B;&#xE19;&#xE49;&#xE32; :</subfield>
    <subfield code="b">&#xE20;&#xE32;&#xE1E;&#xE1B;&#xE23;&#xE30;&#xE01;&#xE2D;&#xE1A;, &#xE15;&#xE32;&#xE23;&#xE32;&#xE07; ;</subfield>
    <subfield code="c">18 &#xE0B;&#xE21;.</subfield>
  </datafield>
  <datafield tag="650" ind1=" " ind2="0">
    <subfield code="a">&#xE01;&#xE32;&#xE23;&#xE1A;&#xE23;&#xE34;&#xE2B;&#xE32;&#xE23;&#xE07;&#xE32;&#xE19;&#xE42;&#xE25;&#xE08;&#xE34;&#xE2A;&#xE15;&#xE34;&#xE01;&#xE2A;&#xE4C;</subfield>
    <subfield code="9">4600</subfield>
  </datafield>
  <datafield tag="651" ind1=" " ind2="4">
    <subfield code="a">&#xE01;&#xE25;&#xE38;&#xE48;&#xE21;&#xE1B;&#xE23;&#xE30;&#xE40;&#xE17;&#xE28;&#xE2D;&#xE32;&#xE40;&#xE0B;&#xE35;&#xE22;&#xE19;</subfield>
    <subfield code="x">&#xE01;&#xE32;&#xE23;&#xE04;&#xE49;&#xE32;&#xE01;&#xE31;&#xE1A;&#xE15;&#xE48;&#xE32;&#xE07;&#xE1B;&#xE23;&#xE30;&#xE40;&#xE17;&#xE28;</subfield>
    <subfield code="9">4604</subfield>
  </datafield>
  <datafield tag="653" ind1=" " ind2="4">
    <subfield code="a">&#xE42;&#xE25;&#xE08;&#xE34;&#xE2A;&#xE15;&#xE34;&#xE01;&#xE2A;&#xE4C;</subfield>
  </datafield>
  <datafield tag="850" ind1=" " ind2=" ">
    <subfield code="a">NALT</subfield>
  </datafield>
  <datafield tag="942" ind1=" " ind2=" ">
    <subfield code="2">lcc</subfield>
    <subfield code="c">GB</subfield>
  </datafield>
  <datafield tag="998" ind1=" " ind2=" ">
    <subfield code="j">1020</subfield>
    <subfield code="k"> &#xE19;&#xE32;&#xE07;&#xE08;&#xE33;&#xE40;&#xE23;&#xE35;&#xE22;&#xE07;  &#xE23;&#xE30;&#xE27;&#xE31;&#xE07;&#xE2A;&#xE33;&#xE42;&#xE23;&#xE07;</subfield>
  </datafield>
  <datafield tag="999" ind1=" " ind2=" ">
    <subfield code="c">92669</subfield>
    <subfield code="d">92669</subfield>
  </datafield>
  <datafield tag="952" ind1=" " ind2=" ">
    <subfield code="0">0</subfield>
    <subfield code="1">0</subfield>
    <subfield code="2">lcc</subfield>
    <subfield code="4">0</subfield>
    <subfield code="7">0</subfield>
    <subfield code="8">CASEAN</subfield>
    <subfield code="a">NALT</subfield>
    <subfield code="b">NALT</subfield>
    <subfield code="d">2017-03-27</subfield>
    <subfield code="l">0</subfield>
    <subfield code="o">ASEAN HD 38.5 &#xE2A;665&#xE01; 2559</subfield>
    <subfield code="p">3961205900</subfield>
    <subfield code="r">2017-03-27 00:00:00</subfield>
    <subfield code="w">2017-03-27</subfield>
    <subfield code="y">GB</subfield>
  </datafield>
</record>
